UITU Library & LRC     

Embroidery Technique Using Programmable Logic Controller (Record no. 33193)

MARC details
000 -LEADER
fixed length control field 00492nam a2200133Ia 4500
008 - FIXED-LENGTH DATA ELEMENTS--GENERAL INFORMATION
fixed length control field 260210s9999 xx 000 0 und d
024 ## - OTHER STANDARD IDENTIFIER
Standard number or code 12B-47-EL, 12B-59-EL, 12B-67-EL & 12B-73-EL
082 ## - DEWEY DECIMAL CLASSIFICATION NUMBER
Classification number 629.895072 HAS
100 ## - MAIN ENTRY--PERSONAL NAME
Personal name Hassan Fazal, Usman Ali Qasmi, Mirza Maaz Baig & Muhammad Wajahat Ali
245 #0 - TITLE STATEMENT
Title Embroidery Technique Using Programmable Logic Controller
260 ## - PUBLICATION, DISTRIBUTION, ETC.
Place of publication, distribution, etc. Karachi:
Name of publisher, distributor, etc. UITU,
Date of publication, distribution, etc. 2012
600 ## - SUBJECT ADDED ENTRY--PERSONAL NAME
Personal name Electrical Engineering
650 ## - SUBJECT ADDED ENTRY--TOPICAL TERM
Topical term or geographic name entry element Bachelor of Engineering (BE)

No items available.

Powered by Koha